Mulan - Characters by Picture - Statistics

General Stats
  • This quiz has been taken 51 times
  • The average score is 11 of 37
Answer Stats
Picture Answer % Correct
Mulan
100%
Mushu
77%
Chien-Po
60%
Cri-Kee
57%
Ling
57%
Li Shang
57%
Shan Yu
57%
Fa Zhou
54%
The Emperor of China
54%
Grandmother Fa
51%
Fa Li
49%
The Matchmaker
49%
Little Brother
46%
Yao
46%
Mulan
37%
Khan
34%
General Li
31%
Chi-Fu
20%
First Ancestor Fa
17%
The Matchmaker
14%
Fa Li
11%
Fa Zhou
11%
Mei
11%
Shan Yu
11%
Hayabusa
9%
Ting-Ting
9%
Su
6%
The Chancellor
6%
The Emperor of China
6%
Chen Honghui
3%
Commander Tung
3%
Cricket
3%
Hua Xiu
0%
Lord Qin
0%
Prince Jeeki
0%
Sha-Ron
0%
Xianniang
0%
No matching quizzes found
Score Distribution
Percent of People with Each Score
Percentile by Number Answered
Your Score History
You have not taken this quiz